| 000 | 00592nam a2200241Ia 4500 | ||
|---|---|---|---|
| 003 | OSt | ||
| 005 | 20221007100752.0 | ||
| 006 | a|||||r|||| 00| 0 | ||
| 007 | ta | ||
| 008 | 221006b |||||||| |||| 00| 0 eng d | ||
| 024 | _a5,108 | ||
| 037 | _cTextual | ||
| 040 |
_aLCO _cLCO _beng |
||
| 041 |
_2eng _aeng |
||
| 082 | _aV2:5, K8 | ||
| 100 | _aGUHA D.N | ||
| 245 | 0 | _aFundamental rights | |
| 260 |
_aCalcutta _bEastern Law House _c1968 |
||
| 300 | _a56 | ||
| 650 |
_aFUNDAMENTAL RIGHT _9702078 |
||
| 942 |
_hV2:5, K8 _cTEXL |
||
| 999 |
_c1174671 _d1174671 |
||